000 00895 a2200169 4500
003 NUST
005 20221202153245.0
040 _cNust
082 _a537,STA
100 _aStarling,Sydney
_9104034
245 _aElectricity and magnetism /
_cSydney, Starling
260 _alondon
_blongmans
_c1941
300 _a636 p.:
505 _aMagnetism (Page-1), The Electric Current (Page-47), The Electric Current (confused) (Page-70), Electrostatics (Page-105), Electrostatics continued (Page-147), Electrolysis (Page-170), Thermo Electricity (Page-202), Electromagnetics (Page-225), Magnetic Properties Materials (Page-269), Varying Current (Page-305), Alternating Currents (Page-342), Units (Page-390), Electromagnetic Radiation (Page-413), Conduction in Gases (Page-463), Radioactivity (Page-512), Atoms (543).
650 _aElectricity and magnetism
_964093
942 _2ddc
_cBK
_k537,STA
999 _c184214
_d184214